| 000 | 01285cam a2200373 a 4500 | ||
|---|---|---|---|
| 003 | OSt | ||
| 005 | 20140310184409.0 | ||
| 008 | 841126s1985 mnua j 000 0beng | ||
| 010 | _a 84027446 | ||
| 020 |
_a0876142757 (lib. bdg.) : _c$7.95 |
||
| 040 |
_aDLC _cDLC _dDLC _dOCoLC _dDLC |
||
| 042 | _alcac | ||
| 043 | _an-us-me | ||
| 050 | 0 | 0 |
_aVK 1140.B87 _b.R66 1993 |
| 100 | 1 |
_aRoop, Peter. _923415 |
|
| 245 | 1 | 0 |
_aKeep the lights burning, Abbie / _cPeter and Connie Roop ; pictures by Peter E. Hanson. |
| 260 |
_aMinneapolis, Minn. : _bCarolrhoda Books, _c1993. |
||
| 300 |
_a40 p. : _bill. (some col.) ; _c23 cm. |
||
| 440 | 0 |
_aCarolrhoda on my own books _925986 |
|
| 521 | _aG1 | ||
| 526 | _c260 | ||
| 600 | 1 | 0 |
_aBurgess, Abbie, _d1839-1892 _xJuvenile literature. _925987 |
| 600 | 1 | 1 |
_aBurgess, Abbie, _d1839-1892. _925988 |
| 610 | 2 | 0 |
_aMatinicus Rock Lighthouse (Matinicus Rock, Me.) _xJuvenile literature. _925989 |
| 650 | 0 |
_aLighthouse keepers _zMaine _xBiography _xJuvenile literature. _925990 |
|
| 650 | 1 |
_aLighthouse keepers. _925991 |
|
| 700 | 1 |
_aRoop, Connie. _923417 |
|
| 700 | 1 |
_aHanson, Peter E., _eill. _925992 |
|
| 906 |
_a7 _bcbc _corignew _d1 _eocip _f19 _gy-gencatlg |
||
| 942 |
_2lcc _cBK-SCHOLAS |
||
| 999 |
_c34081 _d34081 |
||